000 00248nam a2200097Ia 4500
001 995446
005 20250826221447.0
008 250824s9999 xx 000 0 und d
245 0 _aBEN KAZANMADAN BİTMEZ
_cBİRCAN YILDIRIM
260 _bDESTEK YAYINLARI
999 _c995446
_d995446